000 00557nam a2200205 a 4500
001 17167
005 20180713210254.0
008 140415s1994 sp 000 0 spa d
020 _a8474902398
041 _aspa
082 _a248.4
_bGIU
100 1 _aGiussani, Luigi,
_d1922-2005,.
245 1 0 _aHUELLAS DE EXPERIENCIA CRISTIANA Y OTROS ESCRITOS
250 _a1a ed.
260 _aESPAÑA :
_bENCUENTRO,
_c1994
300 _a181
490 _aLIBROS DE BOLSILLO
_v1
650 1 4 _aVIDA CRISTIANA
700 1 _aCARRASCOSA, JESUS
_etr.
999 _c17167
_d17167